[Event "Moscow Open A 2015"]
[Site "Moscow RUS"]
[Date "2015.02.07"]
[Round "8.105"]
[White "Shapiro, David"]
[Black "Parvanyan, Ashot"]
[Result "0-1"]
[WhiteTitle "FM"]
[WhiteElo "2252"]
[BlackElo "2053"]
[WhiteFideId "24133523"]
[BlackFideId "13307550"]
[EventDate "2015.01.31"]

1. c4 e5 2. g3 Nf6 3. Bg2 d5 4. cxd5 Nxd5 5. Nf3 Nc6 6. O-O Nb6 7. b3 Be7 8. Bb2
f6 9. d3 O-O 10. Nbd2 Be6 11. Rc1 a5 12. a3 Qd7 13. Ne4 Rad8 14. Qc2 Qe8 15.
Nfd2 Nd7 16. Nc4 Nd4 17. Qd1 b5 18. Ncd2 a4 19. b4 Rc8 20. e3 Nb3 21. Rc6 Ndc5
22. Rxe6 Nxe6 23. Nxb3 axb3 24. Qxb3 Qf7 25. Bh3 f5 26. Bxe5 Ng5 27. Qxf7+ Nxf7
28. Bxf5 Nxe5 29. Bxc8 Rxc8 0-1

[Event "Moscow Open A 2015"]
[Site "Moscow RUS"]
[Date "2015.02.07"]
[Round "8.106"]
[White "Ivlev, Aleksey"]
[Black "Baterdene, Tsogbayar"]
[Result "1/2-1/2"]
[WhiteElo "2231"]
[BlackElo "1977"]
[WhiteFideId "24185949"]
[BlackFideId "4901592"]
[EventDate "2015.01.31"]

1. d4 d5 2. c4 c6 3. cxd5 cxd5 4. Nc3 Nc6 5. Bf4 Nf6 6. e3 Bf5 7. Bd3 Bxd3 8.
Qxd3 e6 9. Nge2 a6 10. O-O Bd6 11. Rfc1 O-O 12. Na4 Bxf4 13. Nxf4 Ne4 14. f3 Nd6
15. Nc5 Qe7 16. b3 Rfc8 17. Qd2 Nf5 18. Rc3 Rd8 19. Rac1 e5 20. dxe5 d4 21. exd4
Rxd4 22. Rd3 Qg5 23. Ne4 Rxd3 24. Nxd3 Qxd2 25. Nxd2 Rd8 26. Rc3 Nfd4 27. Nc1
Nxe5 28. Nf1 Kf8 29. Kf2 f6 30. Rc7 Rd7 31. Rc8+ Kf7 32. Ne3 1/2-1/2

[Event "Moscow Open A 2015"]
[Site "Moscow RUS"]
[Date "2015.02.07"]
[Round "8.107"]
[White "Yanchenko, Roman"]
[Black "Terekhov, Konstantin"]
[Result "1-0"]
[WhiteTitle "FM"]
[WhiteElo "2345"]
[BlackElo "2178"]
[WhiteFideId "4137329"]
[BlackFideId "4115856"]
[EventDate "2015.01.31"]

1. d4 Nf6 2. c4 e6 3. Nc3 Bb4 4. Qc2 c5 5. dxc5 O-O 6. Nf3 Bxc5 7. Bg5 Nc6 8. e3
h6 9. h4 Nb4 10. Qb1 Be7 11. Bxf6 Bxf6 12. g4 Bxc3+ 13. bxc3 Nc6 14. Qc2 f5 15.
g5 d6 16. gxh6 gxh6 17. Rg1+ Kh7 18. O-O-O Qa5 19. Kb2 Bd7 20. e4 Qb6+ 21. Ka1
Ne7 22. exf5 exf5 23. Qe2 Rf7 24. Ng5+ hxg5 25. Qh5+ Kg8 26. Qxg5+ Kf8 27. Re1
Qa5 28. Qh6+ Ke8 29. Rg8+ 1-0

[Event "Moscow Open A 2015"]
[Site "Moscow RUS"]
[Date "2015.02.07"]
[Round "8.108"]
[White "Zhuk, Valeriy"]
[Black "Ofitserian, Boris"]
[Result "0-1"]
[BlackTitle "FM"]
[WhiteElo "2150"]
[BlackElo "2283"]
[WhiteFideId "24151254"]
[BlackFideId "24199443"]
[EventDate "2015.01.31"]

1. Nf3 Nf6 2. c4 g6 3. Nc3 Bg7 4. e4 d6 5. d4 O-O 6. Be2 Bg4 7. Be3 Nfd7 8. h3
Bxf3 9. Bxf3 Nc6 10. Ne2 Na5 11. Rc1 c5 12. O-O Nc6 13. dxc5 dxc5 14. b3 Nde5
15. Nf4 Qa5 16. Qe2 b6 17. a4 Rfd8 18. Nd5 e6 19. Bd2 Nd4 20. Bxa5 Nxe2+ 21.
Bxe2 exd5 22. cxd5 bxa5 23. Rxc5 Rab8 24. Bd1 Rb4 25. Rxa5 Rxe4 26. Rxa7 Rb4 27.
Kh2 Rxd5 28. f4 Nc6 29. Rc7 Nd4 30. Re1 Bf8 31. Rc3 Ne6 32. Bf3 Rc5 33. Rec1
Rxb3 34. Rxc5 Nxc5 35. Rc4 Ra3 36. Bc6 Bd6 37. Rd4 Bc7 38. g3 Ba5 39. Bd5 Be1 0-1

[Event "Moscow Open A 2015"]
[Site "Moscow RUS"]
[Date "2015.02.07"]
[Round "8.109"]
[White "Kovalev, Egor"]
[Black "Derakhshani, Borna"]
[Result "1-0"]
[BlackTitle "CM"]
[WhiteElo "2249"]
[BlackElo "2081"]
[WhiteFideId "24124117"]
[BlackFideId "12518450"]
[EventDate "2015.01.31"]

1. Nf3 Nf6 2. g3 d5 3. Bg2 c5 4. O-O Nc6 5. d4 e6 6. a3 a5 7. c4 dxc4 8. Qa4 Bd7
9. dxc5 Nb4 10. Qd1 Nbd5 11. Ne5 Bxc5 12. Nxd7 Qxd7 13. Nd2 Rc8 14. e4 Ne7 15.
e5 Nfd5 16. Nxc4 Bxf2+ 17. Rxf2 Rxc4 18. Qf1 Qc6 19. Bg5 Nf5 20. Rd1 Qc5 21. b4
axb4 22. axb4 Qxb4 23. Bxd5 exd5 24. Rxf5 h6 25. Bd2 Qc5+ 26. Qf2 Qxf2+ 27. Rxf2
Ke7 28. Rdf1 Rf8 29. Rf4 Ke6 30. Rb1 1-0

[Event "Moscow Open A 2015"]
[Site "Moscow RUS"]
[Date "2015.02.07"]
[Round "8.110"]
[White "Shapkin, Anatoliy"]
[Black "Mischeryakov, Alexey"]
[Result "1-0"]
[WhiteElo "2236"]
[BlackElo "1911"]
[WhiteFideId "34108332"]
[BlackFideId "34156434"]
[EventDate "2015.01.31"]

1. d4 Nf6 2. Bg5 Ne4 3. Bf4 c5 4. f3 Nf6 5. dxc5 Nc6 6. e4 Qa5+ 7. Qd2 Qxc5 8.
Nc3 a6 9. Nge2 e5 10. Bg5 Be7 11. O-O-O h6 12. Be3 Qa5 13. Kb1 d6 14. g4 Be6 15.
Ng3 O-O-O 16. Nd5 Qxd2 17. Rxd2 g6 18. Be2 Bxd5 19. exd5 Nb8 20. b4 Nbd7 21. a4
Kb8 22. a5 Rc8 23. Kb2 Bd8 24. Kb3 h5 25. g5 h4 26. Ne4 Nxe4 27. fxe4 f5 28.
gxf6 Nxf6 29. Bf3 g5 30. h3 Rf8 31. Rf2 b5 32. axb6 Kb7 33. Rhf1 Be7 34. c4 Rg8
35. Bh1 Rcf8 36. c5 Nh5 37. Rf7 Rxf7 38. Rxf7 Rg7 39. c6+ Kb8 40. Rf1 Ng3 41.
Ra1 Bd8 42. b5 1-0

[Event "Moscow Open A 2015"]
[Site "Moscow RUS"]
[Date "2015.02.07"]
[Round "8.111"]
[White "Taalaibekov, Tagir"]
[Black "Tleptsok, Ruslan"]
[Result "0-1"]
[WhiteElo "2037"]
[BlackElo "2226"]
[WhiteFideId "13801163"]
[BlackFideId "24104485"]
[EventDate "2015.01.31"]

1. d4 Nf6 2. g3 c6 3. Bg2 d5 4. Nf3 Bf5 5. O-O Nbd7 6. Nbd2 h6 7. c4 e6 8. b3
Be7 9. Bb2 O-O 10. Ne5 Nxe5 11. dxe5 Nd7 12. e4 dxe4 13. Nxe4 Nc5 14. Nd6 Bxd6
15. exd6 Nd3 16. Ba3 Qa5 17. Bc1 Rfd8 18. Qh5 Qc3 19. Ba3 Bg6 20. Qd1 Qa5 21.
Bc1 Nxc1 22. Rxc1 Qc5 23. b4 Qxd6 24. Qa4 a6 25. Qa5 Rac8 26. Qb6 Qc7 27. Qa7
Ra8 28. Qc5 Rd7 29. a4 Qd6 30. Qb6 Qd4 31. c5 Rc8 32. Bf3 Qf6 33. Bg2 Qd4 34.
Bf3 Qd3 35. Bg4 Qe4 36. Bd1 Bf5 37. Bc2 Qf3 38. Bxf5 exf5 39. Rce1 f4 40. Re5
Rcd8 41. gxf4 Qg4+ 42. Kh1 Qxf4 43. Re3 Rd1 44. Kg1 Qg4+ 45. Rg3 Qe2 46. Rxd1
Rxd1+ 47. Kg2 Qe4+ 48. Kh3 Rd5 0-1

[Event "Moscow Open A 2015"]
[Site "Moscow RUS"]
[Date "2015.02.07"]
[Round "8.112"]
[White "Maksimov, Dmitri"]
[Black "Romanov, Stanislav"]
[Result "1-0"]
[WhiteElo "2204"]
[BlackElo "2107"]
[WhiteFideId "24162477"]
[BlackFideId "4116895"]
[EventDate "2015.01.31"]

1. e4 Nc6 2. d4 d5 3. e5 Bf5 4. c3 f6 5. f4 e6 6. Nd2 Be7 7. Ndf3 Nh6 8. Ne2 Qd7
9. Ng3 O-O-O 10. Nxf5 Nxf5 11. Bd3 fxe5 12. fxe5 g5 13. Bxg5 Bxg5 14. Nxg5 Rhg8
15. Qd2 Qe7 16. Bxf5 Rxg5 17. Bxe6+ Kb8 18. O-O-O Na5 19. Bh3 Rg6 20. e6 Nc4 21.
Qe2 Rd6 22. Rhf1 Rb6 23. Rf7 Qg5+ 24. Kb1 a5 25. e7 Nxb2 26. e8=Q+ Ka7 27. Qxb2
Rxb2+ 28. Kxb2 Rb6+ 29. Ka1 Qh5 30. Rf3 1-0

[Event "Moscow Open A 2015"]
[Site "Moscow RUS"]
[Date "2015.02.07"]
[Round "8.113"]
[White "Proleiko, Julian"]
[Black "Rozanov, Pavel B."]
[Result "1/2-1/2"]
[BlackTitle "FM"]
[WhiteElo "1981"]
[BlackElo "2241"]
[WhiteFideId "30900255"]
[BlackFideId "4129270"]
[EventDate "2015.01.31"]

1. e4 e5 2. Nf3 Nf6 3. d4 d6 4. Nc3 exd4 5. Nxd4 Be7 6. Be2 O-O 7. O-O Re8 8.
Be3 Bf8 9. Bc4 Nbd7 10. Bg5 Ne5 11. Bb3 h6 12. Bxf6 Qxf6 13. Nd5 Qd8 14. f4 Nc6
15. Nb5 Rxe4 16. Ndxc7 Rb8 17. Bxf7+ Kh8 18. Bg6 Rb4 19. a3 Rxb5 20. Nxb5 Qb6+
21. Kh1 Qxb5 22. b4 Bd7 23. Bd3 Qd5 24. c4 Qf7 25. Ra2 Nd4 26. f5 Be7 27. Raf2
Bf6 28. Qc1 Re8 29. Re1 Rxe1+ 30. Qxe1 Bh4 31. g3 Bf6 32. Kg1 Bc6 33. Qe3 b6 34.
Bf1 Kh7 35. Qd3 a5 36. Rf4 axb4 37. axb4 Nf3+ 38. Rxf3 Bxf3 39. Qxf3 Qe7 40. Qe2
Qxe2 41. Bxe2 1/2-1/2

[Event "Moscow Open A 2015"]
[Site "Moscow RUS"]
[Date "2015.02.07"]
[Round "8.114"]
[White "Safonov, Nikita"]
[Black "Tukubayev, K"]
[Result "0-1"]
[WhiteElo "2080"]
[BlackElo "2157"]
[WhiteFideId "24153281"]
[BlackFideId "13708147"]
[EventDate "2015.01.31"]

1. e4 e5 2. Nf3 Nc6 3. Bb5 a6 4. Ba4 d6 5. c3 Bd7 6. O-O g6 7. d4 Bg7 8. Be3
Nge7 9. h3 O-O 10. Re1 h6 11. Nbd2 Kh7 12. Bc2 f5 13. dxe5 dxe5 14. exf5 gxf5
15. Nh4 Nd5 16. Qh5 Nxe3 17. Rxe3 Qg5 18. Qg4 e4 19. f4 fxg4 20. fxg5 hxg5 21.
Bxe4+ Kh6 22. Ng6 Rfe8 23. hxg4 Rxe4 24. Rxe4 Kxg6 25. Rae1 Rf8 26. g3 Bf6 27.
Nb3 b6 28. Rd1 Rf7 29. Nd4 Ne5 30. Rf1 Bxg4 31. Rfe1 c5 32. Rxe5 Bxe5 33. Rxe5
cxd4 34. cxd4 Rd7 35. d5 Kf6 36. Re4 Bf3 37. Re6+ Kf5 38. Rxb6 Rxd5 39. Rb4 Rd2
40. a4 a5 41. Rc4 Rxb2 0-1

[Event "Moscow Open A 2015"]
[Site "Moscow RUS"]
[Date "2015.02.07"]
[Round "8.115"]
[White "Shandrygin, Nikita"]
[Black "Gumirov, Konstantin L"]
[Result "1-0"]
[WhiteElo "2151"]
[BlackElo "1988"]
[WhiteFideId "24198668"]
[BlackFideId "4125061"]
[EventDate "2015.01.31"]

1. e4 e5 2. Nf3 Nc6 3. Bb5 a6 4. Ba4 b5 5. Bb3 Bc5 6. c3 Qf6 7. d4 exd4 8. e5
Qg6 9. cxd4 Bb4+ 10. Nc3 Na5 11. Bc2 Qxg2 12. Rg1 Qh3 13. Be4 d5 14. Rg3 Qh5 1-0

[Event "Moscow Open A 2015"]
[Site "Moscow RUS"]
[Date "2015.02.07"]
[Round "8.116"]
[White "Shapfiullin, Ildar"]
[Black "Bolanos Lepere, Ulises"]
[Result "1-0"]
[WhiteElo "2093"]
[BlackElo "1946"]
[WhiteFideId "4147146"]
[BlackFideId "5109604"]
[EventDate "2015.01.31"]

1. d4 Nf6 2. Nf3 g6 3. c4 d6 4. Nc3 a6 5. h3 Nbd7 6. Bf4 Bg7 7. e3 c5 8. Be2 O-O
9. O-O h6 10. Bh2 Kh7 11. Qc2 Re8 12. Rfd1 Qc7 13. Rac1 Nb6 14. Nd5 Qc6 15. e4
Nbxd5 16. cxd5 Qb6 17. dxc5 dxc5 18. e5 Nd7 19. Bd3 Nf8 20. Qxc5 Qd8 21. e6 f5
22. Bc7 b6 23. Qc6 Bd7 24. exd7 Qxd7 25. Ne5 Qxc6 26. Rxc6 b5 27. f4 Bxe5 28.
Bxe5 Nd7 29. g4 Rf8 30. Rc7 Rad8 31. gxf5 gxf5 32. d6 exd6 33. Bxd6 Rf7 34. a4
Rg8+ 35. Kf2 Rfg7 36. Rxd7 1-0

[Event "Moscow Open A 2015"]
[Site "Moscow RUS"]
[Date "2015.02.07"]
[Round "8.118"]
[White "Spirin, Alexandr"]
[Black "Kruk, Ivan"]
[Result "1/2-1/2"]
[WhiteElo "1943"]
[BlackElo "1887"]
[WhiteFideId "4187431"]
[BlackFideId "13903497"]
[EventDate "2015.01.31"]

1. Nf3 Nf6 2. b3 e6 3. Bb2 Be7 4. e3 O-O 5. d4 d5 6. Nbd2 Nbd7 7. Bd3 Re8 8. O-O
Bf8 9. Ne5 g6 10. f4 Nh5 11. g4 Ng7 12. Kh1 h5 13. g5 Nxe5 14. dxe5 Nf5 15. Qe2
Bc5 16. Rf3 Bd7 17. Rh3 Bc6 18. Rd1 Nxe3 19. Re1 Qe7 20. a3 a5 21. b4 axb4 22.
axb4 Bb6 23. b5 Bd7 24. Rxe3 Bxe3 25. Qxe3 Qb4 26. Qd4 Ra4 27. Nf3 Bxb5 28. Qxb4
Rxb4 29. Bc3 Rxf4 30. Kg2 Bxd3 31. cxd3 Ra4 1/2-1/2

[Event "Moscow Open A 2015"]
[Site "Moscow RUS"]
[Date "2015.02.07"]
[Round "8.119"]
[White "Abelyan, Murad"]
[Black "Grishaev, Igor"]
[Result "1-0"]
[WhiteElo "1712"]
[BlackElo "1938"]
[WhiteFideId "346489"]
[BlackFideId "4197925"]
[EventDate "2015.01.31"]

1. e4 c5 2. Nf3 d6 3. d4 cxd4 4. Nxd4 Nf6 5. Nc3 g6 6. f3 Bg7 7. Be3 O-O 8. Qd2
Nc6 9. O-O-O Nxd4 10. Bxd4 Be6 11. Kb1 a6 12. g4 b5 13. h4 b4 14. Nd5 a5 15. h5
Rc8 16. Bb5 Bxd5 17. exd5 Qc7 18. Ba4 Rb8 19. hxg6 fxg6 20. g5 Nh5 21. Rxh5 gxh5
22. Bxg7 Kxg7 23. Qd4+ Kg6 24. Qe4+ Kg7 25. Rh1 Qa7 26. f4 b3 27. axb3 Rf7 28.
Rxh5 Kg8 29. g6 Qg1+ 30. Ka2 hxg6 31. Rg5 Qh2 32. Qxg6+ 1-0

[Event "Moscow Open A 2015"]
[Site "Moscow RUS"]
[Date "2015.02.08"]
[Round "9.4"]
[White "Korobov, Anton"]
[Black "Goganov, Aleksey"]
[Result "1-0"]
[WhiteTitle "GM"]
[BlackTitle "GM"]
[WhiteElo "2687"]
[BlackElo "2615"]
[WhiteFideId "14105730"]
[BlackFideId "24109959"]
[EventDate "2015.01.31"]

1. d4 Nf6 2. c4 e6 3. Nf3 Bb4+ 4. Bd2 Bxd2+ 5. Qxd2 d5 6. Nc3 O-O 7. Rc1 Qe7 8.
e3 Rd8 9. cxd5 exd5 10. Bd3 Nc6 11. O-O Ne4 12. Qd1 Bg4 13. Be2 Rd6 14. Nxe4
dxe4 15. Nd2 Bxe2 16. Qxe2 Nb4 17. Qb5 Rb6 18. Qc5 Qe6 19. Nc4 Nd3 20. Nxb6 Nxc5
21. Nxa8 Nd3 22. Nxc7 Qxa2 23. Ra1 Qc4 24. Rxa7 h5 25. Rxb7 Nc1 26. Re1 Nd3 27.
Ra1 Qc6 28. Rba7 h4 29. h3 Kh7 30. b4 Qc2 31. Rf1 Nxb4 32. Nb5 Qc6 33. Na3 f5
34. Ra5 Qf6 35. Nc4 Nd3 36. Ne5 Qb6 37. Rfa1 f4 38. Nxd3 exd3 39. exf4 Qxd4 40.
R5a2 Qxf4 41. Rd1 g5 42. Rad2 g4 43. hxg4 Qxg4 44. Rxd3 Qe2 45. R3d2 Qe5 46.
Rd7+ Kg8 47. Rc1 Qe8 48. Rb7 Qe6 49. Ra1 Qe8 50. Rb4 Qe7 51. Rg4+ Kh7 52. Raa4
h3 53. Rh4+ Kg6 54. Rxh3 1-0

[Event "Moscow Open A 2015"]
[Site "Moscow RUS"]
[Date "2015.02.08"]
[Round "9.5"]
[White "Khismatullin, Denis"]
[Black "Shimanov, Aleksandr"]
[Result "1/2-1/2"]
[WhiteTitle "GM"]
[BlackTitle "GM"]
[WhiteElo "2673"]
[BlackElo "2591"]
[WhiteFideId "4142578"]
[BlackFideId "4198603"]
[EventDate "2015.01.31"]

1. c4 Nf6 2. d4 g6 3. g3 Bg7 4. Bg2 O-O 5. Nc3 c5 6. e3 Qc7 7. Qe2 Nc6 8. Nf3 d6
9. O-O Bg4 10. h3 Bxf3 11. Qxf3 cxd4 12. Nb5 Qb6 13. Nxd4 Rac8 14. b3 Nh5 15. g4
Nf6 16. Bb2 Nd7 17. Rfd1 Nc5 18. Rab1 a5 19. Bc3 Ne6 20. Qe4 Nexd4 21. exd4 e6
22. Qe3 Rfe8 23. Qd2 Ra8 24. d5 exd5 25. Bxd5 Bxc3 26. Qxc3 Nb4 27. Bf3 Nxa2 28.
Qd2 Nb4 29. Kg2 Rad8 30. Rb2 Qc7 31. Qf4 Re6 32. Rbd2 b6 33. Rd4 Qe7 34. R1d2
Kg7 35. Qg3 Re5 36. h4 h6 37. Bd5 Re8 38. Bf3 Rd8 39. Bd5 Rd7 40. Kh3 Kg8 41.
Bg2 Rd8 42. Qf3 g5 43. Qb7 Qxb7 44. Bxb7 Re6 45. Be4 Rf6 46. Kg3 Kf8 47. Bf5 Nc6
48. hxg5 hxg5 49. Rd5 Ne7 50. Rb5 d5 51. c5 bxc5 52. Rxc5 Rc6 53. Rdc2 Rb6 54.
Rxa5 Rxb3+ 55. Kg2 Rb4 56. Re2 Rf4 57. Re5 d4 58. Bd3 Nc6 59. Rxg5 Nxa5 60. Kg3
Rf6 61. Rxa5 Rb6 62. Ra2 Rb3 63. Rd2 Rdb8 64. Rd1 Ke7 65. Kf4 Kd6 66. g5 Rb2 67.
f3 Re8 68. Kf5 Re5+ 69. Kf4 Rg2 70. Bf5 Rd5 71. Rd3 Kc5 72. Rd1 Kd6 73. Rd3 Rg1
74. Rd2 Kc5 75. Rc2+ Kb4 76. Rb2+ Ka3 77. Rd2 Kb4 78. Be4 Rd7 79. Kf5 Kc3 80.
Rc2+ Kb3 81. Rd2 Re1 82. f4 Re3 83. Rd1 Kc3 84. Rc1+ Kd2 85. Rc2+ Kd1 86. Bc6
Rd6 87. Ba4 Ke1 88. Rc7 d3 89. Rxf7 Rd4 90. Ra7 Rf3 91. Re7+ Kf2 92. Re4 Rxe4
93. Kxe4 d2 94. g6 Rg3 95. Kf5 Ke1 96. Kf6 Ra3 97. Bc2 Rc3 98. Ba4 Rc4 99. Bb3
Rxf4+ 100. Ke7 Rb4 101. Bc2 Rc4 102. Bb3 Re4+ 103. Kf8 Rf4+ 104. Ke7 Rf3 105.
Bc2 Rc3 106. Ba4 Rc7+ 107. Kf8 Ra7 108. Bb3 d1=Q 1/2-1/2

[Event "Moscow Open A 2015"]
[Site "Moscow RUS"]
[Date "2015.02.08"]
[Round "9.6"]
[White "Grigoriants, Sergey"]
[Black "Grachev, Boris"]
[Result "1/2-1/2"]
[WhiteTitle "GM"]
[BlackTitle "GM"]
[WhiteElo "2567"]
[BlackElo "2670"]
[WhiteFideId "4130804"]
[BlackFideId "4129199"]
[EventDate "2015.01.31"]

1. Nf3 d5 2. g3 Bg4 3. Bg2 Nd7 4. c4 e6 5. cxd5 exd5 6. Qb3 Ngf6 7. O-O Nc5 8.
Qc2 Be7 9. d3 O-O 10. h3 Bxf3 11. Bxf3 c6 12. Nd2 Ne6 13. Bg2 Nd4 14. Qd1 Re8
15. e3 Ne6 16. Nf3 a5 17. Qc2 Qb6 18. Rb1 a4 19. Bd2 h6 20. Rbd1 a3 21. b3 Bb4
22. Bc1 Nc7 23. Nd4 Nb5 24. Nxb5 cxb5 25. e4 Rac8 26. Qe2 d4 27. e5 Qc5 28. Bf4
Nd5 29. Qg4 Nxf4 30. gxf4 Qe7 31. Be4 Rc2 32. Kh1 Qe6 33. Bf5 Qd5+ 34. Be4 Qe6
35. Bf5 Qd5+ 36. Be4 1/2-1/2

[Event "Moscow Open A 2015"]
[Site "Moscow RUS"]
[Date "2015.02.08"]
[Round "9.7"]
[White "Artemiev, Vladislav"]
[Black "Kharchenko, Boris"]
[Result "1-0"]
[WhiteTitle "GM"]
[BlackTitle "GM"]
[WhiteElo "2659"]
[BlackElo "2483"]
[WhiteFideId "24101605"]
[BlackFideId "14113210"]
[EventDate "2015.01.31"]

1. e4 e5 2. Nf3 Nc6 3. Nc3 Nf6 4. Bb5 Bb4 5. O-O O-O 6. d3 d6 7. Bg5 Bxc3 8.
bxc3 Qe7 9. Re1 Nd8 10. d4 Ne6 11. Bd2 c5 12. Bc4 Nc7 13. Rb1 b6 14. h3 Bb7 15.
Bg5 h6 16. Bh4 cxd4 17. cxd4 Rfc8 18. Bd3 Ba6 19. Qd2 Kf8 20. Qb4 g5 21. Bg3 Nd7
22. dxe5 dxe5 23. Nxe5 Nxe5 24. Bxe5 Qxb4 25. Rxb4 Ke7 26. Rd1 Bxd3 27. cxd3 Ne6
28. a4 Rc2 29. d4 Rac8 30. a5 f6 31. Bg3 R8c4 32. Rxc4 Rxc4 33. d5 Nc5 34. axb6
axb6 35. f3 b5 36. Ra1 Ra4 37. Rc1 Nd3 38. Rc3 Ra1+ 39. Kh2 Rd1 40. Rc7+ Kd8 41.
Rb7 Rb1 42. Bd6 Rb2 43. Be7+ Kc8 44. d6 Ne5 45. Rc7+ Kb8 46. d7 1-0

[Event "Moscow Open A 2015"]
[Site "Moscow RUS"]
[Date "2015.02.08"]
[Round "9.8"]
[White "Mamedov, Rauf"]
[Black "Kokarev, Dmitry"]
[Result "1/2-1/2"]
[WhiteTitle "GM"]
[BlackTitle "GM"]
[WhiteElo "2642"]
[BlackElo "2645"]
[WhiteFideId "13401653"]
[BlackFideId "4132181"]
[EventDate "2015.01.31"]

1. Nf3 Nf6 2. g3 g6 3. b3 Bg7 4. Bb2 O-O 5. Bg2 c5 6. c4 Nc6 7. O-O d6 8. d4 Ne4
9. Nbd2 Bf5 10. Nh4 Nxd2 11. Qxd2 Nxd4 12. Nxf5 Nxf5 13. Bxg7 Nxg7 14. Bxb7 Rb8
15. Bg2 Qb6 16. Rab1 Qb4 17. Qb2 Rb6 18. Rfd1 Rfb8 19. Qc1 Qa5 20. Rd2 Rb4 21.
Rc2 Qc7 22. Rcb2 Qa5 23. Rc2 Qc7 24. Rcb2 Qa5 25. Rc2 1/2-1/2

[Event "Moscow Open A 2015"]
[Site "Moscow RUS"]
[Date "2015.02.08"]
[Round "9.9"]
[White "Alekseev, Evgeny"]
[Black "Sanal, Vahap"]
[Result "1/2-1/2"]
[WhiteTitle "GM"]
[BlackTitle "IM"]
[WhiteElo "2679"]
[BlackElo "2460"]
[WhiteFideId "4138147"]
[BlackFideId "6300545"]
[EventDate "2015.01.31"]

1. e4 e5 2. Nf3 Nc6 3. Bb5 a6 4. Ba4 Nf6 5. d3 b5 6. Bb3 Bc5 7. c3 d6 8. Bg5 h6
9. Bh4 Bb6 10. Nbd2 Rb8 11. Nf1 Ne7 12. Bxf6 gxf6 13. Nh4 h5 14. Qf3 Ng6 15. Nf5
Bxf5 16. exf5 Ne7 17. Ng3 d5 18. Nxh5 Qd6 19. g4 c5 20. c4 Ba5+ 21. Kf1 e4 22.
Qg3 Rd8 23. dxe4 dxc4 24. Rd1 Qc6 25. Rxd8+ Bxd8 26. Bd1 Bc7 27. Nxf6+ Kf8 28.
Qc3 Qd6 29. Nd7+ Kg8 30. Nf6+ Kf8 31. Bf3 b4 32. e5 Qxf6 33. exf6 bxc3 34. fxe7+
Kxe7 35. bxc3 Rxh2 36. Ke2 Rxh1 37. Bxh1 Be5 38. Kd2 Kd6 39. Kc2 a5 40. Bb7 f6
41. Bc8 Bf4 42. Be6 Ke5 43. f3 Bg3 44. Bxc4 Be1 45. Kd3 Kf4 46. Bd5 Ke5 47. Ba8
Kf4 48. Bb7 Ke5 49. Ke3 Bxc3 50. f4+ Kd6 51. g5 Ke7 52. g6 Kf8 53. Bd5 1/2-1/2

[Event "Moscow Open A 2015"]
[Site "Moscow RUS"]
[Date "2015.02.08"]
[Round "9.10"]
[White "Vlassov, Nikolai"]
[Black "Khairullin, Ildar"]
[Result "0-1"]
[WhiteTitle "IM"]
[BlackTitle "GM"]
[WhiteElo "2493"]
[BlackElo "2629"]
[WhiteFideId "4103360"]
[BlackFideId "4151348"]
[EventDate "2015.01.31"]

1. e4 c6 2. d4 d5 3. e5 Bf5 4. Nc3 e6 5. g4 Bg6 6. Nge2 c5 7. Be3 Nc6 8. f4 h5
9. f5 exf5 10. g5 cxd4 11. Nxd4 Bb4 12. Bg2 Nge7 13. O-O O-O 14. Nde2 Nxe5 15.
Nxd5 Ng4 16. Nxb4 Nxe3 17. Qxd8 Raxd8 18. Rf3 Nxg2 19. Kxg2 f4 20. Ra3 f6 21.
Nxf4 Rd2+ 22. Kg1 fxg5 23. Nxg6 Nxg6 24. Rf1 Nf4 25. Kh1 Re8 26. Nd3 Ree2 27.
Nxf4 Rxh2+ 28. Kg1 gxf4 29. Rxf4 Rdg2+ 30. Kf1 Rxc2 0-1

[Event "Moscow Open A 2015"]
[Site "Moscow RUS"]
[Date "2015.02.08"]
[Round "9.11"]
[White "Volkov, Sergey"]
[Black "Badmatsyrenov, Oleg"]
[Result "1-0"]
[WhiteTitle "GM"]
[BlackTitle "IM"]
[WhiteElo "2618"]
[BlackElo "2481"]
[WhiteFideId "4122763"]
[BlackFideId "24115762"]
[EventDate "2015.01.31"]

1. d4 f5 2. Nc3 Nf6 3. Bg5 d5 4. Bxf6 exf6 5. e3 Be6 6. Qf3 Qd7 7. Bb5 Nc6 8.
Nge2 a6 9. Ba4 g5 10. g3 O-O-O 11. h4 f4 12. gxf4 Bg4 13. Qg2 gxf4 14. Nxf4 Bb4
15. Nxd5 Qxd5 16. Bxc6 Qxc6 17. Qxg4+ Kb8 18. Kd2 Rhe8 19. Qf5 Re5 20. Qd3 Qf3
21. Raf1 c5 22. Kc1 cxd4 23. Ne2 Bc5 24. Rhg1 Bb6 25. Rg3 Qd5 26. exd4 Qxa2 27.
Nc3 Qa1+ 28. Kd2 Qxb2 29. dxe5 Rxd3+ 30. Rxd3 Qb4 31. exf6 Qf4+ 32. Kd1 Qxf6 33.
f4 Ba5 34. Nd5 Qb2 35. c3 Bd8 36. f5 Qb1+ 37. Ke2 Qc2+ 38. Ke3 Bxh4 39. f6 Qg2
40. Rf3 Qg1+ 41. Ke4 Qg6+ 42. Kd4 Qf7 43. Rde3 a5 44. c4 Bg5 45. Re5 Bh6 46. Rb3
Qd7 47. Re7 Qc8 48. Rg3 a4 49. f7 Qf5 50. Re8+ Ka7 51. Rgg8 Qf2+ 52. Ke5 Qh2+
53. Ke6 Qh3+ 54. Kd6 Qh2+ 55. Kc5 Qf2+ 56. Kb5 Qb2+ 57. Nb4 1-0

[Event "Moscow Open A 2015"]
[Site "Moscow RUS"]
[Date "2015.02.08"]
[Round "9.12"]
[White "Usmanov, Vasily"]
[Black "Fier, Alexandr"]
[Result "1-0"]
[WhiteTitle "IM"]
[BlackTitle "GM"]
[WhiteElo "2414"]
[BlackElo "2604"]
[WhiteFideId "4135741"]
[BlackFideId "2107139"]
[EventDate "2015.01.31"]

1. Nf3 g6 2. e4 Nf6 3. e5 Nd5 4. d4 d6 5. c4 Nb6 6. b3 Bg7 7. Bb2 dxe5 8. Nxe5
Bxe5 9. dxe5 Qxd1+ 10. Kxd1 Nc6 11. Bd3 Nb4 12. Be4 Bf5 13. Nc3 O-O-O+ 14. Ke2
Bxe4 15. Nxe4 Nd3 16. Bc3 Nf4+ 17. Kf3 Ne6 18. Ke3 h5 19. Rad1 Nd7 20. h4 Rhe8
21. f3 Ndc5 22. Nxc5 Nxc5 23. g4 Nd7 24. Rhg1 Rg8 25. Rd4 hxg4 26. fxg4 Rh8 27.
e6 fxe6 28. Rxd7 Kxd7 29. Bxh8 Rxh8 30. Kf4 Rxh4 31. Kg5 Rh2 32. Kxg6 Rxa2 33.
g5 Ke8 34. Kg7 Rh2 35. g6 e5 36. Re1 Rh5 37. Kg8 c5 38. g7 e6 39. Rf1 e4 40.
Rf8+ Ke7 41. Rf7+ Ke8 42. Rf4 Rh3 43. Rxe4 Ke7 44. Rg4 a6 45. Rg1 b5 46. Rg5
bxc4 47. bxc4 a5 48. Rxc5 a4 49. Rc7+ Kd6 50. Ra7 a3 51. Ra8 Rf3 52. Rd8+ Kc5
53. Rc8+ Kb4 54. c5 a2 55. c6 Kc5 56. c7 Kc6 57. Ra8 Kxc7 58. Rxa2 Kd6 59. Rg2
e5 60. Kh7 Rf7 61. Kh6 Rxg7 62. Rxg7 e4 63. Kg5 Kd5 1-0